000 00686nam a2200205 a 4500
001 000004622
005 20200929151454.0
008 090724s2004 xxu 000 0 eng d
020 _a0810849496
040 _aDO-SdBNP
_bspa
_cBNPHU
082 _axxxx
_bN154h
100 1 _aNahm, Andrew C.
_913477
245 1 0 _aHistorical dictionary of the Republic of Korea /
_cAndrew C. Nahm, James E. Hoare.
250 _a2a ed.
260 _aMaryland, Estados Unidos :
_bThe Scarecrow Press,
_c2004.
300 _alvi, 313 p. ;
_c22 cm.
500 _aIncluye datos biográficos de los autores en la página 133
504 _aIncluye bibliografías (p. 248-293)
700 1 _aHoare, James E.
_913478
999 _c4430
_d4430